000 01163nam a2200277 i 4500
001 184487
003 ES-MaACL
005 20250801131228.0
008 150911s2007 sp |||| |bspa d
020 _a84-609-6531-7
080 _a32:929 Gramsci, Antonio
100 1 _aLaso, José María (
_d1926-2009)
_970452
245 1 0 _aIntroducción al pensamiento político de Gramsci /
_cpor José María Laso ; introducción de Gustavo Bueno :
_bEl "materialismo histórico" de Gramsci como teoría del "Espíritu objetivo".
250 _a3ª ed.
260 _aGijón :
_bAsociación Cultural Wenceslao Roces,
_c2007.
300 _a56 p. ;
_c21 cm.
490 1 _aEdiciones popular ;
_v8
600 1 4 _aGramsci, Antonio,
_d1891-1937-
_xPensamiento político
_9172020
650 0 0 _aMarxismo.
_914803
700 1 _aBueno, Gustavo,
_d1924-2016
_9160678
710 2 _aAsociación Cultural Wenceslao Roces.
_9157442
740 4 2 _aEl "materialismo histórico" de Gramsci como teoría del "Espíritu objetivo"
830 1 _aEdiciones popular ;
_v8
_9225079
852 _aES-MaACL
_j2332-F-26
_z- Donat. Carlos París
999 _c184487
_d184487